000 01001nam a22002537a 4500
005 20240530110527.0
008 150615s2011 ua adkof b 000 0dara d
017 _a2011/24994
_bمصر . دار الكتب المصرية
020 _a9789775029058
040 _aEG-CaGPL
082 0 4 _221
_a629.89\
_bع ن
100 0 _aعبدالمقصود حجو
245 1 0 _aنظم التحكم الالى الرقمية الحديثة = Modern Digital Automatic Control Systems /
_cعبدالمقصود حجو
250 _aط1
260 _aالقاهرة :
_bدار الكتب العلمية للنشر و التوزيع ،
_c2011 .
300 _a290 ص :
_bايض ؛
_c24 سم .
504 _aيشتمل على ارجاعات ببليوجرافية
650 0 4 _aالتحكم الالى
650 0 4 _aالتحكم الالكترونى
650 0 4 _aالاجهزة الالكترونية
650 0 4 _aالتحكم عن بعد
942 _2ddc
_cBK
999 _c62005
_d62005